000 00350nam a2200145Ia 4500
008 150301s2014 xx 000 0 und d
082 _a610.734
_bC14R
100 _aRAO, B. SRIDHAR
245 _aCOMMUNITY HEALTH NURSING
250 _a2ND
260 _bA.I.T.B.S
_c2014
300 _a432
650 _aCOMMUNITY HEALTH NURSING
942 _2ddc
_cBK
_042
999 _c6817
_d6817